MIPPR 2009 : multispectral image acquisition and processing : 30 October-1 November 2009, Yichang, China (Record no. 11753)

MARC details
000 -LEADER
fixed length control field 01257nam a2200241Ia 4500
008 - FIXED-LENGTH DATA ELEMENTS--GENERAL INFORMATION
fixed length control field 191130s2009##################000#0#eng##
020 ## - INTERNATIONAL STANDARD BOOK NUMBER
International Standard Book Number 9780819478054
022 ## - INTERNATIONAL STANDARD SERIAL NUMBER
International Standard Serial Number 2010455630
040 ## - CATALOGING SOURCE
Original cataloging agency ACL
Transcribing agency ACL
082 ## - DEWEY DECIMAL CLASSIFICATION NUMBER
Classification number 621.367 UDU
245 ## - TITLE STATEMENT
Title MIPPR 2009 : multispectral image acquisition and processing : 30 October-1 November 2009, Yichang, China
Statement of responsibility, etc. Jayaram K. Udupa ... [et al.], editors ; organized by Huazhong University of Science and Technology (China) ; sponsored by the National Laboratory for Multi-spectral Information Processing Technologies (China) ... [et al.]
260 ## - PUBLICATION, DISTRIBUTION, ETC.
Place of publication, distribution, etc. Bellingham, WA
Name of publisher, distributor, etc. SPIE
Date of publication, distribution, etc. 2009
300 ## - PHYSICAL DESCRIPTION
Extent 1 v. (various pagings) : ill., maps ; 28 cm
500 ## - GENERAL NOTE
General note Includes bibliographical references and author index
650 ## - SUBJECT ADDED ENTRY--TOPICAL TERM
Topical term or geographic name entry element Image processing - Congresses
Topical term or geographic name entry element Multispectral photography - Congresses
Topical term or geographic name entry element Remote sensing - Congresses
700 ## - ADDED ENTRY--PERSONAL NAME
Personal name Udupa, Jayaram K
710 ## - ADDED ENTRY--CORPORATE NAME
Corporate name or jurisdiction name as entry element Hua zhong gong xue yuan, International Symposium on Multispectral Image Processing and Pattern Recognition (6th : 2009 : Yichang Shi, China), National Laboratory for Multi-spectral Information Processing Technologies, SPIE (Society)
990 ## - EQUIVALENCES OR CROSS-REFERENCES [LOCAL, CANADA]
Link information for 9XX fields fe2eb69dac10000c7c777c6bc452c251
991 ## -
-- 386725
Holdings
Withdrawn status Lost status Materials specified (bound volume or other part) Damaged status Not for loan Home library Current library Shelving location Date acquired Total Checkouts Full call number Barcode Date last seen Price effective from Koha item type
    pbk     Anna Centenary Library Anna Centenary Library 6TH FLOOR, B WING 09.10.2020   621.367 UDU 423906 09.10.2020 09.10.2020 English Books

Find us on the map